[Event "SRB-ch U18 Girls"]
[Site "Vrbas"]
[Date "2015.04.11"]
[Round "4"]
[White "Kecskemeti, Krisztina"]
[Black "Velikic, Adela"]
[Result "0-1"]
[WhiteElo "1796"]
[BlackElo "2194"]
[PlyCount "60"]
[EventDate "2015.04.09"]
[EventType "swiss"]
[EventRounds "9"]
[EventCountry "SRB"]
[SourceTitle "EXT 2016"]
[Source "ChessBase"]
[SourceDate "2015.10.08"]
[SourceVersion "1"]
[SourceVersionDate "2015.10.08"]
[SourceQuality "1"]

1. Nf3 d5 2. g3 Nf6 3. Bg2 c6 4. 0-0 Bf5 5. d4 e6 6. b3 h6 7. Bb2 Qb6 8. Nbd2 Nbd7 9. c4 Be7 10. Re1 0-0 11. a3 a5 12. Rc1 Rfd8 13. Nf1 Ne4 14. N3d2 Ndf6 15. f3 Nxd2 16. Nxd2 Bh7 17. e3 Rac8 18. Qe2 c5 19. Bf1 cxd4 20. Bxd4 Bc5 21. Bxc5 Qxc5 22. cxd5 Qxc1 23. Rxc1 Rxc1 24. Qb5 Rxd5 25. Qxb7 Bg6 26. Ne4 Nxe4 27. fxe4 Rdd1 28. Qa8+ Kh7 29. Qxa5 Rxf1+ 30. Kg2 Bxe4+ 0-1

[Event "SRB-ch U16 Girls"]
[Site "Vrnjacka Banja"]
[Date "2013.05.04"]
[Round "6"]
[White "Kecskemeti, Krisztina"]
[Black "Lalic, Danka"]
[Result "0-1"]
[WhiteElo "1777"]
[BlackElo "1744"]
[PlyCount "70"]
[EventDate "2013.04.30"]
[EventType "swiss"]
[EventRounds "9"]
[EventCountry "SRB"]
[SourceTitle "CBM 154 Extra"]
[Source "ChessBase"]
[SourceDate "2013.06.25"]
[SourceVersion "2"]
[SourceVersionDate "2013.06.25"]
[SourceQuality "1"]

1. Nf3 Nf6 2. c4 d6 3. d4 g6 4. g3 Bg7 5. Bg2 0-0 6. Nc3 Nbd7 7. 0-0 e5 8. e3 c6 9. Qc2 Re8 10. dxe5 dxe5 11. b3 Nc5 12. Rd1 Qc7 13. e4 Nh5 14. Bb2 f5 15. Qe2 f4 16. b4 Ne6 17. Na4 fxg3 18. hxg3 b6 19. Rac1 Nf8 20. Qd3 Bg4 21. Qb3 Ne6 22. c5 b5 23. Nc3 Qf7 24. Ne2 Rf8 25. Rd3 a5 26. a3 a4 27. Qa2 Kh8 28. Kh1 Rad8 29. Rxd8 Rxd8 30. Neg1 Qc7 31. Qa1 Nd4 32. Rd1 Qd7 33. Ne2 Bxf3 34. Bxf3 Qh3+ 35. Kg1 Nxf3# 0-1

[Event "SRB-ch U16 Girls"]
[Site "Vrnjacka Banja"]
[Date "2013.05.03"]
[Round "5"]
[White "Petrovic, Tamara"]
[Black "Kecskemeti, Krisztina"]
[Result "1-0"]
[WhiteElo "1646"]
[BlackElo "1777"]
[PlyCount "82"]
[EventDate "2013.04.30"]
[EventType "swiss"]
[EventRounds "9"]
[EventCountry "SRB"]
[SourceTitle "CBM 154 Extra"]
[Source "ChessBase"]
[SourceDate "2013.06.25"]
[SourceVersion "2"]
[SourceVersionDate "2013.06.25"]
[SourceQuality "1"]

1. Nf3 Nf6 2. g3 g6 3. Bg2 Bg7 4. 0-0 0-0 5. d4 d5 6. c3 b6 7. Nbd2 Bb7 8. Ne5 Nbd7 9. Nd3 Rc8 10. Qa4 a5 11. Bh3 e6 12. Bg2 c5 13. Qd1 Ba6 14. Ne1 Re8 15. Nef3 e5 16. dxe5 Nxe5 17. Nxe5 Rxe5 18. Re1 Qd7 19. Nf3 Re7 20. Bf4 Ne4 21. Ng5 Bb7 22. Qb3 Qc6 23. Rad1 b5 24. Nxe4 dxe4 25. Bh3 Ra8 26. Rd6 Qe8 27. Rb6 Bc6 28. Bd6 c4 29. Qa3 Rb7 30. Qc5 Rxb6 31. Qxb6 Bd7 32. Bg2 f5 33. Rd1 Bc6 34. Bc7 b4 35. cxb4 Bxb2 36. bxa5 c3 37. Qb3+ Qf7 38. Rd6 Qxb3 39. axb3 Bb5 40. Rd5 Bxe2 41. Rc5 Rc8 1-0

[Event "SRB Kadetski festival U16 Girls 6th"]
[Site "Vrnjacka Banja"]
[Date "2012.04.14"]
[Round "6"]
[White "Milutinovic, Stefana"]
[Black "Kecskemeti, Krisztina"]
[Result "1-0"]
[WhiteElo "1866"]
[BlackElo "1699"]
[PlyCount "89"]
[EventDate "2012.04.10"]
[EventType "swiss"]
[EventRounds "9"]
[EventCountry "SRB"]
[SourceTitle "CBM 148 Extra"]
[Source "ChessBase"]
[SourceDate "2012.06.22"]
[SourceVersion "1"]
[SourceVersionDate "2012.06.22"]
[SourceQuality "1"]

1. d4 d5 2. c4 c6 3. Nf3 Nf6 4. Nc3 e6 5. Bg5 Nbd7 6. cxd5 cxd5 7. e3 Be7 8. Bd3 0-0 9. 0-0 b6 10. Qb3 Bb7 11. Rfc1 Rc8 12. a4 a5 13. Nb5 Ne8 14. Rxc8 Bxc8 15. Bxe7 Qxe7 16. Bxh7+ Kxh7 17. Qc2+ Kg8 18. Qxc8 Nd6 19. Qc7 Nxb5 20. axb5 Qd8 21. Rc1 Qxc7 22. Rxc7 Rd8 23. Rc6 Kf8 24. Kf1 Ke7 25. Ke2 f6 26. h3 Rb8 27. Nh4 Rb7 28. Ng6+ Kf7 29. Nf4 Nf8 30. h4 g5 31. hxg5 fxg5 32. Nd3 Ng6 33. f4 g4 34. Nf2 g3 35. Nh1 Ne7 36. Rc2 Nf5 37. Kf3 Nd6 38. Nxg3 Nxb5 39. Ne2 Nd6 40. g4 a4 41. Nc3 b5 42. e4 dxe4+ 43. Nxe4 Ne8 44. Rc6 Rb8 45. Ng5+ 1-0

[Event "SRB Kadetski festival U16 Girls 6th"]
[Site "Vrnjacka Banja"]
[Date "2012.04.13"]
[Round "5"]
[White "Kecskemeti, Krisztina"]
[Black "Gagic, Andrea Aleksandra"]
[Result "1-0"]
[WhiteElo "1699"]
[BlackElo "1521"]
[PlyCount "129"]
[EventDate "2012.04.10"]
[EventType "swiss"]
[EventRounds "9"]
[EventCountry "SRB"]
[SourceTitle "CBM 148 Extra"]
[Source "ChessBase"]
[SourceDate "2012.06.22"]
[SourceVersion "1"]
[SourceVersionDate "2012.06.22"]
[SourceQuality "1"]

1. Nf3 Nf6 2. c4 b6 3. g3 Bb7 4. Bg2 e6 5. b3 Be7 6. Bb2 0-0 7. 0-0 d5 8. d4 Nbd7 9. Nbd2 Rc8 10. e3 c5 11. Rc1 Re8 12. Qe2 Rb8 13. Rfd1 h6 14. Ne1 Bf8 15. Nd3 Bd6 16. Ba3 Qe7 17. Nf3 Rec8 18. Bb2 Ba6 19. dxc5 Bxc5 20. Nfe5 Bb7 21. Nxd7 Nxd7 22. Nxc5 Nxc5 23. cxd5 exd5 24. Bxd5 Bxd5 25. Rxd5 Rc6 26. Ba3 Rbc8 27. Rcd1 Qe6 28. Bxc5 Rxc5 29. Rd8+ Rxd8 30. Rxd8+ Kh7 31. Qd3+ Qf5 32. Qxf5+ Rxf5 33. Rd7 a5 34. Rb7 Rf6 35. Kf1 Kg6 36. Ke2 Rd6 37. e4 f6 38. Rc7 Re6 39. Rc4 f5 40. f3 Kf6 41. Kd3 fxe4+ 42. Rxe4 Rd6+ 43. Rd4 Rc6 44. a4 Ke6 45. Rc4 Rd6+ 46. Kc3 Kd7 47. Rd4 Rxd4 48. Kxd4 Kd6 49. h4 g6 50. g4 Ke6 51. f4 Kf6 52. Ke4 Ke6 53. f5+ gxf5+ 54. gxf5+ Kf6 55. Kf4 h5 56. Ke4 Kf7 57. Ke5 Ke7 58. f6+ Kf7 59. Kf5 Kf8 60. Kg6 Kg8 61. Kxh5 Kf7 62. Kg5 Kf8 63. Kg6 Kg8 64. h5 Kf8 65. h6 1-0

[Event "SRB Kadetski festival U16 Girls 6th"]
[Site "Vrnjacka Banja"]
[Date "2012.04.11"]
[Round "3"]
[White "Kecskemeti, Krisztina"]
[Black "Zarkovic, Mila"]
[Result "0-1"]
[WhiteElo "1699"]
[BlackElo "1964"]
[PlyCount "70"]
[EventDate "2012.04.10"]
[EventType "swiss"]
[EventRounds "9"]
[EventCountry "SRB"]
[SourceTitle "CBM 148 Extra"]
[Source "ChessBase"]
[SourceDate "2012.06.22"]
[SourceVersion "1"]
[SourceVersionDate "2012.06.22"]
[SourceQuality "1"]

1. Nf3 c5 2. c4 Nf6 3. Nc3 e6 4. g3 b6 5. Bg2 Bb7 6. 0-0 Be7 7. d4 cxd4 8. Qxd4 d6 9. Bg5 h6 10. Bxf6 Bxf6 11. Qd3 Bxc3 12. Qxc3 0-0 13. Qd3 Qc7 14. Rfd1 Rd8 15. Rac1 Nc6 16. a3 Rac8 17. e4 Ne5 18. Nxe5 dxe5 19. Qe2 Rd4 20. b3 Rcd8 21. Bf3 Qd6 22. Qb2 Qe7 23. Re1 Rd2 24. Qxe5 Qxa3 25. Qa1 Qxb3 26. Bd1 Qb2 27. Qxb2 Rxb2 28. Ra1 a5 29. f3 Rdd2 30. g4 Rg2+ 31. Kh1 Rxh2+ 32. Kg1 Ba6 33. Rc1 b5 34. c5 Rbg2+ 35. Kf1 b4+ 0-1

[Event "Battle of Senta op-B 15th"]
[Site "Senta"]
[Date "2011.07.23"]
[Round "9"]
[White "Kecskemeti, Krisztina"]
[Black "Janjusevic, Branislav"]
[Result "0-1"]
[WhiteElo "1665"]
[BlackElo "1946"]
[PlyCount "174"]
[EventDate "2011.07.16"]
[EventType "swiss"]
[EventRounds "9"]
[EventCountry "SRB"]
[SourceTitle "EXT 2019"]
[Source "ChessBase"]
[SourceDate "2018.10.10"]
[SourceVersion "1"]
[SourceVersionDate "2018.10.10"]
[SourceQuality "1"]

1. Nf3 Nc6 2. d4 d5 3. g3 f5 4. Bg2 Nf6 5. Nbd2 e6 6. 0-0 Bd6 7. e3 0-0 8. c4 b6 9. b3 Bd7 10. Bb2 Ne7 11. Rc1 c6 12. Qe2 Ng6 13. Rfd1 Rc8 14. Ne1 Qe7 15. Nd3 e5 16. dxe5 Nxe5 17. cxd5 cxd5 18. Nxe5 Bxe5 19. Nb1 Bxb2 20. Qxb2 Be6 21. Qe5 Rxc1 22. Rxc1 Rd8 23. Rc7 Rd7 24. Rxd7 Qxd7 25. Nc3 Kf7 26. Ne2 Ng4 27. Qc3 Qd6 28. Nd4 Qc5 29. Qc2 g6 30. h3 Ne5 31. Qd2 a5 32. Kf1 h5 33. h4 Ng4 34. Ke1 Kf6 35. Bf3 Ne5 36. Bg2 Nf7 37. Ne2 Nd6 38. Nf4 Ne4 39. Bxe4 fxe4 40. Qb2+ Kf7 41. Kf1 b5 42. Ke2 Bg4+ 43. Kd2 Be6 44. Qe5 Qc6 45. Qd4 b4 46. Qe5 Qd7 47. Nxe6 Qxe6 48. Qc7+ Qe7 49. Qxa5 Qf6 50. Qxd5+ Kf8 51. Qa8+ Kf7 52. Qb7+ Kg8 53. Ke1 Qa1+ 54. Ke2 Qxa2+ 55. Ke1 Qb1+ 56. Ke2 Qc2+ 57. Ke1 Qb1+ 58. Ke2 Qd3+ 59. Ke1 Qxb3 60. Qxe4 Qc3+ 61. Ke2 Kf7 62. Qd3 Qb2+ 63. Ke1 b3 64. Qd2 Qa1+ 65. Ke2 Qa2 66. Ke1 b2 67. Qd7+ Kf8 68. Qd8+ Kg7 69. Qd4+ Kf7 70. Qd7+ Kf6 71. Qd4+ Ke6 72. Qb6+ Kd5 73. Qb7+ Kc5 74. Qc7+ Kb4 75. Qb6+ Kc3 76. Qf6+ Kc2 77. Qxg6+ Kc1 78. Qc6+ Kb1 79. Qe4+ Ka1 80. Qd4 Qa3 81. Kf1 Ka2 82. Qd2 Ka1 83. Qd4 Qb3 84. e4 Kb1 85. e5 Kc1 86. Qf4+ Kc2 87. Qe4+ Qd3+ 0-1

[Event "Senta January op"]
[Site "Senta"]
[Date "2011.02.06"]
[Round "7"]
[White "Markus, Tibor"]
[Black "Kecskemeti, Krisztina"]
[Result "1/2-1/2"]
[WhiteElo "1851"]
[BlackElo "1657"]
[PlyCount "101"]
[EventDate "2011.01.21"]
[EventType "swiss"]
[EventRounds "9"]
[EventCountry "SRB"]
[SourceTitle "CBM 140 Extra"]
[Source "ChessBase"]
[SourceDate "2011.03.01"]
[SourceVersion "1"]
[SourceVersionDate "2011.03.01"]
[SourceQuality "1"]

1. e4 e5 2. Nf3 Nf6 3. Nc3 Bb4 4. Qe2 Nc6 5. a3 Bxc3 6. dxc3 d6 7. h3 0-0 8. Bg5 h6 9. Bh4 Be6 10. Qe3 Qe7 11. Bb5 a6 12. Bd3 Bd7 13. g4 Nd8 14. g5 hxg5 15. Nxg5 Ne6 16. Rg1 Nf4 17. Bg3 N6h5 18. h4 f6 19. Bc4+ Be6 20. Nxe6 Nxe6 21. Qf3 Nxg3 22. Qxg3 Rf7 23. Qg4 Re8 24. 0-0-0 Qd7 25. Rg3 Ree7 26. Rdg1 c6 27. Rd1 Rf8 28. Qg6 Rff7 29. Qg4 Kf8 30. Rgd3 Nf4 31. Qxd7 Nxd3+ 32. cxd3 Rxd7 33. Bxf7 Kxf7 34. Kd2 d5 35. f3 dxe4 36. fxe4 c5 37. b3 a5 38. Rg1 b5 39. Kc2 Rd8 40. Rg4 Rh8 41. Kd2 Rh5 42. d4 exd4 43. cxd4 cxd4 44. Kd3 g5 45. hxg5 Rxg5 46. Rf4 Rg3+ 47. Kxd4 Ke6 48. b4 Rxa3 49. bxa5 Rxa5 50. Kc5 Ra4 51. Kxb5 1/2-1/2